Normal view
MARC view
- Virology & Immunology MS-Thesis.
Entry Topical Term
001 - CONTROL NUMBER
- control field: 28253
003 - CONTROL NUMBER IDENTIFIER
- control field: NUST
005 - DATE AND TIME OF LATEST TRANSACTION
- control field: 20200203111141.0
008 - FIXED-LENGTH DATA ELEMENTS
- fixed length control field: 200203|| aca||aabn | a|a d
040 ## - CATALOGING SOURCE
- Original cataloging agency: NUST
- Transcribing agency: NUST
150 ## - HEADING--TOPICAL TERM
- Topical term or geographic name entry element: Virology & Immunology MS-Thesis.
670 ## - SOURCE DATA FOUND
- Source citation: Work cat.: (NUST): Fayyaz-ul-Hassan Baloch. 28252, Pathobiological characterization and determination of organ tropism of Newcastle Disease virus isolates from recent outbreaks in Pakistan /, 2013.
